[Event "Oberfranken-ch"]
[Site "Schney"]
[Date "2020.01.06"]
[Round "7"]
[White "Zerr, Benjamin"]
[Black "Wagner, Norbert1111"]
[Result "0-1"]
[WhiteElo "1710"]
[BlackElo "2004"]
[PlyCount "70"]
[EventDate "2020.01.03"]
[EventType "swiss"]
[EventRounds "7"]
[EventCountry "GER"]
[SourceTitle "CBM 194 Extra"]
[Source "ChessBase"]
[SourceDate "2020.03.31"]
[SourceVersion "1"]
[SourceVersionDate "2020.03.31"]
[SourceQuality "1"]

1. e4 c5 2. b4 cxb4 3. a3 d5 4. exd5 Qxd5 5. Nf3 e5 6. c4 Qe6 7. Bd3 Nf6 8. 0-0 Bd6 9. axb4 0-0 10. Ng5 Qg4 11. Qxg4 Bxg4 12. c5 Bc7 13. Re1 Nc6 14. Ba3 a6 15. Bc4 Rad8 16. Ra2 Rd4 17. Rc2 h6 18. Nf3 Bxf3 19. gxf3 Rf4 20. Rc3 Rd8 21. Kg2 Rdd4 22. d3 Rd8 23. Nd2 Rfd4 24. Ne4 Nh5 25. Kf1 Nf4 26. Nd6 Bxd6 27. cxd6 b5 28. Bxb5 axb5 29. Rxc6 Nxd3 30. Re3 R4xd6 31. Rxd6 Rxd6 32. Ke2 Nf4+ 33. Kf1 f6 34. Bc1 Rd1+ 35. Re1 Rxe1+ 0-1

[Event "Oberfranken-ch"]
[Site "Schney"]
[Date "2020.01.05"]
[Round "6"]
[White "Kuespert, Helmut"]
[Black "Zerr, Benjamin"]
[Result "1/2-1/2"]
[WhiteElo "1924"]
[BlackElo "1710"]
[PlyCount "35"]
[EventDate "2020.01.03"]
[EventType "swiss"]
[EventRounds "7"]
[EventCountry "GER"]
[SourceTitle "CBM 194 Extra"]
[Source "ChessBase"]
[SourceDate "2020.03.31"]
[SourceVersion "1"]
[SourceVersionDate "2020.03.31"]
[SourceQuality "1"]

1. e4 d5 2. exd5 Nf6 3. d4 c6 4. Nf3 cxd5 5. Bd3 Bg4 6. c3 Nc6 7. Qe2 e6 8. Bf4 Be7 9. h3 Bh5 10. Nbd2 a6 11. 0-0 0-0 12. Rfe1 Rc8 13. Qe3 Bg6 14. Bxg6 hxg6 15. Bg5 Qc7 16. Bf4 Qd8 17. Bg5 Qc7 18. Bf4 1/2-1/2

[Event "Oberfranken-ch"]
[Site "Schney"]
[Date "2019.01.03"]
[Round "1"]
[White "Zerr, Benjamin"]
[Black "Walther, Verena"]
[Result "1-0"]
[WhiteElo "1736"]
[BlackElo "1062"]
[PlyCount "67"]
[EventDate "2019.01.03"]
[EventType "swiss"]
[EventRounds "7"]
[EventCountry "GER"]
[SourceTitle "CBM 188 Extra"]
[Source "ChessBase"]
[SourceDate "2019.02.26"]
[SourceVersion "1"]
[SourceVersionDate "2019.02.26"]
[SourceQuality "1"]

1. e4 e5 2. d4 f6 3. dxe5 fxe5 4. Qh5+ g6 5. Qxe5+ Qe7 6. Qxh8 Qxe4+ 7. Ne2 Ne7 8. Nbc3 Qe6 9. Bh6 Qf5 10. Nd4 Qf7 11. Bd3 d6 12. Bxf8 Qxf8 13. Qxf8+ Kxf8 14. Kd2 Nbc6 15. Ndb5 Be6 16. Nxc7 Rc8 17. Nxe6+ Ke8 18. Rae1 Nb4 19. Re2 Kd7 20. Rhe1 Rg8 21. Nc5+ dxc5 22. Rxe7+ Kd8 23. Rxb7 Nc6 24. Be4 Ne5 25. Rb8+ Ke7 26. Rxg8 Nc4+ 27. Kc1 Kf7 28. Bd5+ Kf6 29. Bxc4 h5 30. h4 a5 31. Rf8+ Kg7 32. Rf7+ Kh6 33. Re8 g5 34. Re6# 1-0

[Event "Oberfranken-ch"]
[Site "Schney"]
[Date "2018.01.04"]
[Round "4"]
[White "Sesselmann, Moritz"]
[Black "Zerr, Benjamin"]
[Result "0-1"]
[WhiteElo "1623"]
[BlackElo "1740"]
[PlyCount "68"]
[EventDate "2018.01.03"]
[EventType "swiss"]
[EventRounds "7"]
[EventCountry "GER"]
[SourceTitle "CBM 182 Extra"]
[Source "ChessBase"]
[SourceDate "2018.02.23"]
[SourceVersion "1"]
[SourceVersionDate "2018.02.23"]
[SourceQuality "1"]

1. c4 Nf6 2. Nc3 g6 3. g3 Bg7 4. Bg2 d6 5. Nf3 Nbd7 6. 0-0 0-0 7. d4 c6 8. b3 Qc7 9. Bb2 Re8 10. Rc1 e5 11. e3 b6 12. Qd2 Bb7 13. Rfd1 Rad8 14. Ne1 Ng4 15. d5 Nf8 16. dxc6 Bxc6 17. Nb5 Bxb5 18. cxb5 Qb8 19. Rc6 d5 20. Bxd5 Nf6 21. e4 Nxe4 22. Qe3 Nf6 23. Bf3 N8d7 24. Rcd6 Bf8 25. R6d2 Bc5 26. Qg5 Kg7 27. Bc6 Qc7 28. Nd3 Bd4 29. Bxd4 exd4 30. Qf4 Qc8 31. Qxd4 Ne5 32. Qf4 Nxc6 33. bxc6 Re4 34. Qg5 Rd5 0-1

[Event "Oberfranken-ch U18"]
[Site "Schney"]
[Date "2017.01.06"]
[Round "7"]
[White "Voelker, Daniel"]
[Black "Zerr, Benjamin"]
[Result "1-0"]
[WhiteElo "1522"]
[BlackElo "1666"]
[PlyCount "87"]
[EventDate "2017.01.03"]
[EventType "tourn"]
[EventRounds "7"]
[EventCountry "GER"]
[SourceTitle "EXT 2019"]
[Source "ChessBase"]
[SourceDate "2018.10.10"]
[SourceVersion "1"]
[SourceVersionDate "2018.10.10"]
[SourceQuality "1"]

1. d4 Nf6 2. c4 g6 3. Nc3 Bg7 4. e4 d6 5. Be3 0-0 6. f3 Nbd7 7. Bd3 c6 8. Qd2 e5 9. d5 c5 10. Nge2 a6 11. a3 Nb6 12. b4 Nfd7 13. b5 a5 14. Bg5 f6 15. Bh6 f5 16. Bxg7 Kxg7 17. 0-0-0 fxe4 18. Nxe4 Nf6 19. N2g3 Nxe4 20. Nxe4 Bf5 21. Ng5 h6 22. Bxf5 hxg5 23. Bd3 Rf4 24. g3 Rd4 25. Qe2 Qf6 26. h4 Rf8 27. hxg5 Qxg5+ 28. f4 exf4 29. gxf4 Rfxf4 30. Kc2 Qf6 31. Qe8 Rf2+ 32. Kb1 Rb2+ 33. Ka1 Rh4 34. Qxg6+ Qxg6 35. Bxg6 Rxh1 36. Rxh1 Rd2 37. Bb1 Nxc4 38. Rh7+ Kf6 39. Rxb7 Ke5 40. Re7+ Kxd5 41. a4 Kd4 42. Re4+ Kc3 43. Rh4 Rd4 44. Rh3+ 1-0

[Event "Oberfranken-ch U18"]
[Site "Schney"]
[Date "2017.01.03"]
[Round "2"]
[White "Sesselmann, Moritz"]
[Black "Zerr, Benjamin"]
[Result "0-1"]
[WhiteElo "1443"]
[BlackElo "1666"]
[PlyCount "48"]
[EventDate "2017.01.03"]
[EventType "tourn"]
[EventRounds "7"]
[EventCountry "GER"]
[SourceTitle "EXT 2019"]
[Source "ChessBase"]
[SourceDate "2018.10.10"]
[SourceVersion "1"]
[SourceVersionDate "2018.10.10"]
[SourceQuality "1"]

1. c4 Nf6 2. Nc3 g6 3. g3 Bg7 4. Bg2 0-0 5. Nf3 d6 6. 0-0 Nbd7 7. d3 c5 8. Bd2 a6 9. Rb1 Qc7 10. Qc2 Rb8 11. e4 e5 12. Nd5 Nxd5 13. exd5 h6 14. Rfe1 Kh7 15. a3 b6 16. h3 f5 17. Nh2 Nf6 18. f4 exf4 19. Bxf4 Nh5 20. Qd2 g5 21. Bxg5 hxg5 22. Qxg5 Qf7 23. g4 Bd4+ 24. Kh1 Ng3# 0-1

[Event "Oberfranken-ch"]
[Site "Schney"]
[Date "2016.01.04"]
[Round "3"]
[White "Zerr, Benjamin"]
[Black "Rein, Iwan"]
[Result "0-1"]
[WhiteElo "1634"]
[BlackElo "2096"]
[PlyCount "80"]
[EventDate "2016.01.03"]
[EventType "swiss"]
[EventRounds "7"]
[EventCountry "GER"]
[SourceTitle "CBM 170 Extra"]
[Source "ChessBase"]
[SourceDate "2016.02.25"]
[SourceVersion "1"]
[SourceVersionDate "2016.02.25"]
[SourceQuality "1"]

1. e4 e6 2. f4 d5 3. e5 c5 4. Nf3 Nc6 5. Be2 Nge7 6. d3 Nf5 7. 0-0 Bd7 8. c4 dxc4 9. dxc4 Ncd4 10. Nc3 Bc6 11. Bd3 Nxf3+ 12. gxf3 Qd4+ 13. Kh1 Ne3 14. Bxe3 Qxe3 15. Be4 Rc8 16. Qc1 Qxc1 17. Raxc1 Be7 18. Bxc6+ Rxc6 19. Rfd1 h5 20. Ne4 h4 21. Kg2 Ra6 22. Rc2 f5 23. Ng5 Rh5 24. Nh3 Rxa2 25. Rcd2 a6 26. b3 Rxd2+ 27. Rxd2 g6 28. Rd1 Rh7 29. Ng5 Bxg5 30. fxg5 Rd7 31. Rxd7 Kxd7 32. Kf2 Kc6 33. Ke3 Kb6 34. Kd3 Ka5 35. Kc3 h3 36. f4 b5 37. cxb5 axb5 38. b4+ cxb4+ 39. Kb3 Ka6 40. Kxb4 Kb6 0-1

[Event "Oberfranken-ch"]
[Site "Schney"]
[Date "2016.01.03"]
[Round "2"]
[White "Rierl, Klaus"]
[Black "Zerr, Benjamin"]
[Result "1/2-1/2"]
[WhiteElo "1779"]
[BlackElo "1634"]
[PlyCount "207"]
[EventDate "2016.01.03"]
[EventType "swiss"]
[EventRounds "7"]
[EventCountry "GER"]
[SourceTitle "CBM 170 Extra"]
[Source "ChessBase"]
[SourceDate "2016.02.25"]
[SourceVersion "1"]
[SourceVersionDate "2016.02.25"]
[SourceQuality "1"]

1. Nf3 Nf6 2. b3 c5 3. e3 b6 4. Be2 Bb7 5. Bb2 e6 6. 0-0 Be7 7. d4 0-0 8. Nbd2 d6 9. c4 Nbd7 10. Rc1 Qc7 11. Qc2 e5 12. d5 b5 13. e4 bxc4 14. Nxc4 a5 15. Bc3 Ba6 16. Bxa5 Qa7 17. Nfd2 Rfb8 18. Ra1 Bxc4 19. Nxc4 Ne8 20. h3 Nc7 21. Bxc7 Qxc7 22. Rfc1 Bg5 23. Rd1 Nb6 24. Nxb6 Qxb6 25. Bc4 Ra7 26. a4 Qb4 27. Rd3 Ra5 28. Qd1 Qb7 29. Qg4 Qe7 30. Rf1 g6 31. g3 h5 32. Qd1 Qd7 33. h4 Bf6 34. Kg2 Kg7 35. Bb5 Qc8 36. Rc3 Qd8 37. Qe2 Ra7 38. Re1 Qf8 39. Rc4 Bd8 40. Rc2 Ba5 41. Qe3 Qh8 42. Rf1 Rf8 43. f4 Qh6 44. Qf2 Re7 45. fxe5 Rxe5 46. Qf6+ Kg8 47. Re2 Bc7 48. a5 Qg7 49. Qxg7+ Kxg7 50. a6 Bb6 51. Ra1 Ba7 52. Bd3 Rb8 53. Bc4 Rbe8 54. Rae1 Rb8 55. Kf3 f6 56. Re3 Rb4 57. Rf1 Rb8 58. Ke2 Rbe8 59. Kd3 Rb8 60. Re2 Rb4 61. Kc2 Kf7 62. Bd3 Kg7 63. Rf3 Rb8 64. Re1 Re7 65. Ref1 Rf8 66. Kc3 Ree8 67. Ra1 Rb8 68. Ra5 Rb6 69. Rb5 Rxb5 70. Bxb5 Rb8 71. Bc4 Rb6 72. Kd3 Rb8 73. Rf1 Rb6 74. Ke2 Rb8 75. Kf3 Re8 76. Rb1 Rb8 77. Kf4 Rb6 78. Ra1 Rb8 79. Ra5 Rb6 80. Rb5 Rxb5 81. Bxb5 Bb6 82. Bd7 Ba7 83. g4 hxg4 84. Kxg4 Kf7 85. h5 gxh5+ 86. Kxh5 Ke7 87. Bc6 Bb6 88. Kg6 Ba7 89. Kf5 Bb6 90. Kf4 Ba7 91. Kf3 Bb6 92. Ke2 Ba7 93. Kd3 Kd8 94. Kc4 Kc7 95. Kb5 Bb8 96. b4 cxb4 97. Kxb4 Ba7 98. Kc4 Bb8 99. Kd3 Kd8 100. Ke3 Ke7 101. Bb7 Ba7+ 102. Kf4 Bb8 103. Bc8 Ba7 104. Kf3 1/2-1/2

[Event "Oberfranken-ch"]
[Site "Schney"]
[Date "2016.01.03"]
[Round "1"]
[White "Zerr, Benjamin"]
[Black "Bauer, Martin2222"]
[Result "1-0"]
[WhiteElo "1634"]
[BlackElo "1343"]
[PlyCount "57"]
[EventDate "2016.01.03"]
[EventType "swiss"]
[EventRounds "7"]
[EventCountry "GER"]
[SourceTitle "CBM 170 Extra"]
[Source "ChessBase"]
[SourceDate "2016.02.25"]
[SourceVersion "1"]
[SourceVersionDate "2016.02.25"]
[SourceQuality "1"]

1. e4 c5 2. Nf3 Nc6 3. Bc4 g6 4. Nc3 Bg7 5. d3 e6 6. Bf4 d6 7. 0-0 Nf6 8. Qd2 0-0 9. e5 dxe5 10. Nxe5 Nxe5 11. Bxe5 a6 12. a4 b6 13. Rfe1 Bb7 14. f4 Nd5 15. Bxg7 Kxg7 16. Ne4 Qd7 17. a5 Qc7 18. axb6 Qxb6 19. Bxd5 Bxd5 20. Qc3+ f6 21. Qxc5 Qxc5+ 22. Nxc5 Kf7 23. c4 Bc6 24. Rxe6 Be8 25. Rexa6 Rxa6 26. Rxa6 f5 27. b4 Kg8 28. b5 Rf7 29. b6 1-0

[Event "Oberfranken-ch U16"]
[Site "Schney"]
[Date "2015.01.04"]
[Round "3"]
[White "Moenius, Oliver"]
[Black "Zerr, Benjamin"]
[Result "1/2-1/2"]
[WhiteElo "1624"]
[BlackElo "1563"]
[PlyCount "43"]
[EventDate "2015.01.03"]
[EventType "swiss"]
[EventRounds "7"]
[EventCountry "GER"]
[SourceTitle "CBM 164 Extra"]
[Source "ChessBase"]
[SourceDate "2015.03.02"]
[SourceVersion "1"]
[SourceVersionDate "2015.03.02"]
[SourceQuality "1"]

1. d4 Nf6 2. c4 e6 3. Nc3 Bb4 4. Nf3 Bxc3+ 5. bxc3 b6 6. Ba3 Bb7 7. e3 d5 8. c5 c6 9. cxb6 axb6 10. Qc1 Qc7 11. Ne5 Ba6 12. Bxa6 Rxa6 13. 0-0 Nbd7 14. c4 c5 15. Nxd7 Nxd7 16. cxd5 exd5 17. Bb2 0-0 18. dxc5 bxc5 19. Rd1 Rh6 20. g3 Rh5 21. Kg2 Ra8 22. Qc2 1/2-1/2

[Event "Oberfranken-ch U14 1213"]
[Site "Schney"]
[Date "2013.01.03"]
[Round "7"]
[White "Moenius, Oliver"]
[Black "Zerr, Benjamin"]
[Result "1/2-1/2"]
[WhiteElo "1337"]
[BlackElo "1224"]
[PlyCount "38"]
[EventDate "2013.01.03"]
[EventType "swiss"]
[EventRounds "7"]
[EventCountry "GER"]
[SourceTitle "EXT 2015"]
[Source "ChessBase"]
[SourceDate "2014.11.20"]
[SourceVersion "1"]
[SourceVersionDate "2014.11.20"]
[SourceQuality "1"]

1. d4 d5 2. e3 Nf6 3. Bd3 Nc6 4. f4 e6 5. Nf3 Be7 6. 0-0 0-0 7. c3 Na5 8. Nbd2 c5 9. Ne5 Nd7 10. Rf3 f5 11. Rh3 Nxe5 12. fxe5 Bg5 13. Nf3 Bh6 14. Ne1 Bd7 15. Qf3 Be8 16. Qg3 Bg6 17. Be2 cxd4 18. exd4 f4 19. Qf2 Bf5 1/2-1/2